000 00906nam a2200289Ia 4500
001 Para_7451
003 CHAP
008 220125s1999 xx 000 0 und d
010 _a206339
040 _cCHAP
082 _aPA-C 632.3 M4
110 _aMéxico. Secrataría de Agricultura y Fomento
_9172648
245 _aEnfermedades bacterianas y degenerativas de la papa /
_c por Secretaría de Agricultura y Fomento
260 _aMéxico :
_b s.e.
300 _a17 h.
500 _aEncuadernado con otros impresos similares
650 _aFitopatología
_x colecciones de escritos
_9172523
650 _aPapa
_x enfermedades por bacterias
_985228
650 _aPapa
_x enfermedades por virus
_985231
901 _aPA-C 632.3 M4
902 _aA
905 _a00000019-- 0000000000 00
910 _a19--
942 _cPARA
942 _cPARA
_d1
999 _c206339
_d206339